| 000 | 02016cam a22004695i 4500 | ||
|---|---|---|---|
| 999 |
_c17685 _d17657 |
||
| 001 | 13916346 | ||
| 003 | EG-ScBUE | ||
| 005 | 20201108131711.0 | ||
| 008 | 050331t20052005flufo g b 001 0 eng d | ||
| 020 | _a015603056X | ||
| 020 | _a9780156030564 | ||
| 040 |
_aDLC _beng _erda _cDLC _dDLC _dEG-ScBUE |
||
| 043 | _an-us--- | ||
| 082 | 0 | 4 |
_a813.52 _bREH _222 |
| 100 | 1 |
_aRehak, Melanie, _eauthor. _934219 |
|
| 245 | 1 | 0 |
_aGirl sleuth : _bNancy Drew and the women who created her / _cMelanie Rehak. |
| 264 | 1 |
_aOrlando, Florida : _bA Harvest Book / Harcourt, Inc., _c[2005] |
|
| 264 | 4 | _cc2005 | |
| 300 |
_axviii, 364 pages : _bphotograph, plates ; _c24 cm |
||
| 336 |
_atext _btxt _2rdacontent |
||
| 337 |
_aunmediated _bn _2rdamedia |
||
| 338 |
_avolume _bnc _2rdacarrier |
||
| 504 | _aIncludes bibliographical references and index. | ||
| 586 | _aWinner of the Edgar Award for best biography | ||
| 586 | _aA chicago Tribune best book of the year | ||
| 586 | _aWinner of the Agatha Award for non-fiction | ||
| 600 | 1 | 7 |
_aWirt, Mildred A. _q(Mildred Augustine), _d1905- _xCharacters _xNancy Drew. _2BUEsh _934220 |
| 600 | 1 | 7 |
_aAdams, Harriet Stratemeyer _xCharacters _xNancy Drew. _2BUEsh _934221 |
| 600 | 1 | 7 |
_aKeene, Carolyn _xCharacters _xNancy Drew. _2BUEsh _934222 |
| 610 | 2 | 7 |
_aStratemeyer Syndicate. _2BUEsh _934223 |
| 650 | 7 |
_aDetective and mystery stories, American _xHistory and criticism. _2BUEsh _934224 |
|
| 650 | 7 |
_aWomen and literature _zUnited States _xHistory _y20th century. _2BUEsh _934225 |
|
| 650 | 7 |
_aAmerican fiction _xWomen authors _xHistory and criticism. _2BUEsh _934226 |
|
| 650 | 7 |
_aYoung adult fiction, American _xHistory and criticism. _2BUEsh _934227 |
|
| 650 | 7 |
_aYoung adult fiction _xPublishing _zUnited States. _2BUEsh _934228 |
|
| 650 | 7 |
_aGirls _xBooks and reading _zUnited States. _2BUEsh _934229 |
|
| 650 | 7 |
_aDrew, Nancy (Fictitious character) _2BUEsh _934230 |
|
| 650 | 7 |
_aTeenage girls in literature. _2BUEsh _934231 |
|
| 651 | _2BUEsh | ||
| 653 |
_bHHUUEENN _cOctober2013 |
||
| 942 |
_2ddc _cBB |
||